000 01546nam0a22003371 4500
001 RU\NLR\UK\669
005 20260407082112.0
035 _a(NLR Aleph) 009798471
090 _a10165239
_c10165239
100 _a20260120 rusy50
101 0 _arus
102 _aRU
200 1 _aФорма о титулах его императорского величества.
210 _aПечатано в Санктъпетербурге
_cПри Сенате
_d10 мая 1727
215 _a[1] л.
_d
304 _aВ ПСЗ загл.: Форма о титулах императора Петра II. В ПСЗ помещено под 8 мая 1727 г.
304 _aТекст начинается словами: 1: В грамотах которые отправлены имеют быть в иностранные государства...
306 _aВых. дан. указаны слева от М.П.
321 _aПСЗ. Т.7. 5071
517 1 _aФорма о титулах императора Петра II
620 _dМосква
702 0 _4720
_8rus
_7ca
_aПетр
_cимператор российский
_dII
_f1715-1730
_3RU\NLR\AUTH\7713845
_9123527
710 0 1 _aРоссия
_bИмператор
_c1727-1730; Петр II
_3RU\NLR\AUTH\8810042739
_9584923
712 0 2 _aСенатская типография
_cСанкт-Петербург
_4610
801 0 _aRU
_bNLR
_c20030127
852 _aNLR
_j123/137-12
942 _cBOOK
980 _aNB
980 _aA1XVIIIv
980 _aA1UKAZ